000 00904nam a2200253Ia 4500
003 OSt
005 20221005104636.0
006 a|||||r|||| 00| 0
007 ta
008 221004b |||||||| |||| 00| 0 hin d
020 _a8170556090 (hbk)
_c1185
024 _a88251
037 _b467, 19/03/2008, University Book House
_cTextual
040 _aCRL
_cCRL
_bhin
041 _2hin
_ahin
082 _aP152v, P4
100 _aशर्मा, राजमणि
245 0 _aहिन्दी भाषा
_b इतिहास और स्वरूप
246 _aHindī bhāṣhā: itihās aur svarūpa
260 _aदिल्ली
_bवाणी प्रकाशन भारत
_c2004
300 _a392पण्
_ccm.
942 _hP152v, P4
_cTEXL
_2cc
999 _c1013348
_d1013348